Estudio de sobretensiones por fenómeno de ferroresonancia en la subestación Filadelfia del Sistema Eléctrico Nacional
Spremljeno u:
| Glavni autor: | |
|---|---|
| Daljnji autori: | |
| Format: | Knjiga |
| Jezik: | Spanish |
| Izdano: |
[San José, Costa Rica]
2012
|
| Teme: | |
| Oznake: |
Dodaj oznaku
Bez oznaka, Budi prvi tko označuje ovaj zapis!
|
MARC
| LEADER | 00000nam a22000007a 4500 | ||
|---|---|---|---|
| 003 | 011691 | ||
| 005 | 20230830094940.0 | ||
| 008 | 151006b2012 cr a|||| |||| 00| ||spa d | ||
| 040 | |c cru CEDI | ||
| 090 | |a TFG 6861 | ||
| 100 | |9 819 |a Montealegre Lobo, Leonardo, 1983- | ||
| 245 | |a Estudio de sobretensiones por fenómeno de ferroresonancia en la subestación Filadelfia del Sistema Eléctrico Nacional | ||
| 260 | |a [San José, Costa Rica] |c 2012 | ||
| 300 | |a xiv, 86 hojas : ilustraciones (algunas a color) | ||
| 500 | |a Práctica dirigida (licenciatura en ingeniería eléctrica)--Universidad de Costa Rica. Facultad de Ingeniería. Escuela de Ingeniería Eléctrica | ||
| 501 | |a Director de Práctica Dirigida de Graduación: Ing. Jorge Blanco Roldán | ||
| 650 | |x FENOMENOS TRANSITORIOS (ELECTRICIDAD) |x FENOMENOS TRANSITORIOS (ELECTRICIDAD) - MEDICIONES |x DESCARGAS ELECTRICAS |x PARARRAYOS) |x CIRCUITOS ELECTRICOS |x SUBESTACIONES ELECTRICAS |x SISTEMAS DE ENERGIA ELECTRICA |x TRANSFORMADORES ELECTRICOS |9 1327 | ||
| 700 | |9 323 |a Blanco Roldán, Jorge, 1950- |d Director del TFG | ||
| 942 | |c CEDI | ||
| 999 | |c 14083 |d 14083 | ||
